Porównanie amerykanskiego i japonskiego modelu zapewniania jakosci.
Porovnávaním kvality amerických a japonských výrobcov sa zaoberá J.M. Juran, tvorca kvality japonských výrobkov. Japonci organizujú krúžky kvality. Od 70. rokov sa takéto krúžky organizujú aj v USA. Podľa Japoncov Američania nedoceňujú priamych vykonávateľov výrobkov. Rotácia vedúcich a špecialistov...
Guardado en:
| Autor principal: | |
|---|---|
| Otros Autores: | |
| Formato: | Capítulo de libro |
| Lenguaje: | polaco |
| Materias: | |
| Etiquetas: |
Sin Etiquetas, Sea el primero en etiquetar este registro!
|
MARC
| LEADER | 00000naa a2200000 4500 | ||
|---|---|---|---|
| 001 | r005697 | ||
| 005 | 20221125122542.4 | ||
| 041 | 0 | |a pol | |
| 044 | |a PL | ||
| 245 | 1 | 0 | |a Porównanie amerykanskiego i japonskiego modelu zapewniania jakosci. |c E. Kindlarski, J. Mihalasky |
| 520 | |a Porovnávaním kvality amerických a japonských výrobcov sa zaoberá J.M. Juran, tvorca kvality japonských výrobkov. Japonci organizujú krúžky kvality. Od 70. rokov sa takéto krúžky organizujú aj v USA. Podľa Japoncov Američania nedoceňujú priamych vykonávateľov výrobkov. Rotácia vedúcich a špecialistov v Japonsku. | ||
| 610 | 2 | 0 | |a kvalita výrobkov |
| 610 | 2 | 0 | |a porovnanie štatistické medzinárodné |
| 610 | 2 | 0 | |a Japonsko |
| 610 | 2 | 0 | |a USA |
| 610 | 2 | 0 | |a riadenie kvality |
| 100 | 1 | |a Kindlarski, E. | |
| 700 | 1 | |a Mihalasky, J. | |